| 000 | 00646nam a2200193Ia 4500 | ||
|---|---|---|---|
| 005 | 20250508163104.0 | ||
| 008 | 008 250505s9999 xx 000 0 eng d | ||
| 037 | _aBooks to be hide in OPAC | ||
| 040 |
_aFEDL _beng _cFEDL |
||
| 041 |
_aeng _2eng |
||
| 084 |
_a304.6, NCE/O _qFEDL |
||
| 245 | 0 | _aNational bibliography on population education | |
| 245 | 0 | _cNational Council of Educational Research and Training | |
| 260 |
_aNew Delhi, India _bNational Council of Educational Research and Training _c1975 |
||
| 300 | _a56p. | ||
| 650 |
_aPopulation Education _9771739 |
||
| 942 |
_cHB _h304.6, NCE/O |
||
| 999 |
_c1380747 _d1380747 |
||